| 000 | 00962nam a2200289Ia 4500 | ||
|---|---|---|---|
| 001 | A0418 | ||
| 003 | IT-RoPAU | ||
| 008 | 130308s9999 xx 000 0 und d | ||
| 040 | _aIT-RoPAU | ||
| 040 | _cIT-RoPAU | ||
| 041 | _aITALIANO | ||
| 100 | _aPeri Vittorio | ||
| 100 | _gCodice Aut. SPICS: 34532 | ||
| 245 | _a"Liturgia come voce e ""theatron"" della comunione tra le chiese (La)" | ||
| 245 | _bLiturgie dell'Oriente Cristiano a Roma nell'Anno Mariano 1987-88 | ||
| 250 | _a1a ed. | ||
| 260 | _aCITTA' DEL VATICANO | ||
| 260 | _bVaticana | ||
| 260 | _c1990 [1° Ed.:1990 - Ed.Ling.Originale:1990] | ||
| 300 | _a"52 p. (prefazione: no ; testo: 52 [pagine: 755-806])" | ||
| 500 | _a"Osmosi Cattolica delle manifestazioni Liturgiche. carattere polifonico Del""Dialogo della Chiesa con Il Cielo"". Liturgia e Comunione." | ||
| 650 | _aSAGGI DI LITURGIA | ||
| 650 | _eCodice materia Spics: 9160 | ||
| 942 | _cBK | ||
| 957 | _71 | ||
| 999 |
_c86914 _d86914 |
||
| 999 | _g1 | ||